Logo Biblioteca

El hombre invisible : (Registro nro. 1027)

Detalles MARC
000 -LEADER
fixed length control field 01307aam a2200253 a 4500
001 - CONTROL NUMBER
control field 001368201
003 - CONTROL NUMBER IDENTIFIER
control field AR-RoUNCS
005 - DATE AND TIME OF LATEST TRANSACTION
control field 20260521161620.0
007 - PHYSICAL DESCRIPTION FIXED FIELD--GENERAL INFORMATION
fixed length control field ta
008 - FIXED-LENGTH DATA ELEMENTS--GENERAL INFORMATION
fixed length control field 160801s2009 ag |r 00| f spa
020 ## - INTERNATIONAL STANDARD BOOK NUMBER
International Standard Book Number 9789870704614
040 ## - CATALOGING SOURCE
Original cataloging agency AR-BaBN
Language of cataloging spa
Transcribing agency AR-RoUNCS
041 1# - LANGUAGE CODE
Language code of text/sound track or separate title spa
Language code of original eng
100 1# - MAIN ENTRY--PERSONAL NAME
Personal name Wells, H. G.
Fuller form of name (Herbert George),
Dates associated with a name 1866-1946
Relator term autor
245 13 - TITLE STATEMENT
Title El hombre invisible :
Remainder of title una novela fantástica /
Statement of responsibility, etc. H. G. Wells.
260 ## - PUBLICATION, DISTRIBUTION, ETC.
Place of publication, distribution, etc. Ciudad Autónoma de Buenos Aires :
Name of publisher, distributor, etc. Alfaguara,
Date of publication, distribution, etc. 2009.
300 ## - PHYSICAL DESCRIPTION
Extent 247 p. ;
Dimensions 22 cm.
490 0# - SERIES STATEMENT
Series statement Clásicos de la Literatura Fantástica y de Aventuras ;
Volume/sequential designation XI
520 ## - SUMMARY, ETC.
Summary, etc. El hombre invisible nos muestra las contradicciones de un joven y brillante científico que, tras largas jornadas de agotadores experimentos, descubre la forma de hacerse invisible. Sin embargo, trastornado por los sufrimientos y el acoso a que se ve sometido, abandona todo escrúpulo y trata de emplear su descubrimiento para enriquecerse y dominar, sin detenerse ante la violencia y el engaño. Novela fantástica y un tanto amarga, subraya los potenciales peligros de una ciencia mal utilizada.
650 #7 - SUBJECT ADDED ENTRY--TOPICAL TERM
Source of heading or term embne
Topical term or geographic name entry element Literatura inglesa
655 #7 - INDEX TERM--GENRE/FORM
Genre/form data or focus term Novelas de ciencia ficción
Source of term embne
751 ## - ADDED ENTRY-GEOGRAPHIC NAME
Geographic name Buenos Aires
Relator term lugar de publicación
Relationship pup
942 ## - ADDED ENTRY ELEMENTS (KOHA)
Source of classification or shelving scheme Universal Decimal Classification
Koha item type Obra General
Suppress in OPAC No
Existencias
Withdrawn status Lost status Source of classification or shelving scheme Damaged status Not for loan Collection Home library Current library Date acquired Source of acquisition Total checkouts Full call number Barcode Date last seen Price effective from Koha item type
    Universal Decimal Classification     Colección General Biblioteca Escuela de Ciencias Sociales Biblioteca Escuela de Ciencias Sociales 21/05/2026 Donación   82-311.9(410.1) W453 000980 21/05/2026 21/05/2026 Obra General
Biblioteca de la Escuela Preuniversitaria en Ciencias Sociales y Humanísticas.
Riobamba 250 bis.
CP 2000 - Rosario - Santa Fe
E-Mail: biblioteca@esociales.unr.edu.ar